| 000 | 01054cab a2200241 4500 | ||
|---|---|---|---|
| 001 | ABS51261 | ||
| 008 | 090401t1994 xxu||||| |||| 00| 0 eng d | ||
| 035 | _a(Sirsi) u18039 | ||
| 041 | _aeng | ||
| 100 | _aThomas, M. | ||
| 245 | _aResidential development | ||
| 260 | _c1994 | ||
| 350 | _a0 | ||
| 490 |
_aSolicitors` Journal _v138(26) 8 July 1994, 692-693; 138(31) 12 August 19 |
||
| 520 | _aConsiders practical points relating to site acquisition by the developer, including options and conditional contracts, registration, the issue of caution or notice, mortgages, restrictive covenants and easements. Problems which can arise from buying `off-plan` are examined, looking at the buyer`s requirements, specification, variations, completion of works, related sale, deposits, stage payments and retentions, NHBC warranty, and adjoining property. | ||
| 650 | _aCASELAW | ||
| 650 | _aPROPERTY DEVELOPMENT | ||
| 650 | _aRESIDENTIAL DEVELOPMENT | ||
| 690 | _aHOUSING-DEVELOPMENT | ||
| 700 | _aStepien, K. | ||
| 942 | _n0 | ||
| 948 | _c04/03/1997 | ||
| 999 |
_c11962 _d11962 |
||